| 000 | 00469nam a2200169Ia 4500 | ||
|---|---|---|---|
| 008 | 241115s9999 xx 000 0 und d | ||
| 020 | _a0-471-22471-5 | ||
| 082 | _a620.11 CAL | ||
| 100 | _aCallister, William D. | ||
| 245 | 0 | _aMaterials Science and Engineering an Introduction | |
| 250 | _a6th ed. | ||
| 260 |
_aNew York: _bJohn & Willey, _c2003 |
||
| 300 | _axxi,820p. | ||
| 600 | _aElectrical Engineering | ||
| 650 | _aElectrical Engineering | ||
| 942 | _cBBD | ||
| 999 |
_c25678 _d25678 |
||